Awang Had Salleh : tokoh pendidikan negara

Bibliographic Details
Main Author: Haris Fadillah
Format: Book
Published: Kuala Lumpur : Pustaka Bakti Wira , 1996
Series:Siri tokoh-tokoh negara
Subjects:

MARC

LEADER 00000cam a2200000 7i4500
001 0000006977
002 000007513
005 20030512.0
020 |a 9838271004 
090 0 0 |a 920   |b HAR 
100 0 |a Haris Fadillah 
245 1 0 |a Awang Had Salleh :   |b tokoh pendidikan negara   |c Haris Fadillah 
260 |a Kuala Lumpur :   |b Pustaka Bakti Wira ,   |c 1996 
300 |a 43 p. :   |b ill. ;   |c 21 cm. 
490 0 |a Siri tokoh-tokoh negara 
650 0 0 |a Awang Had Salleh   |x Educators   |z Malaysia   |x Biography 
999 |a 053405   |b BUKU   |c MALAYSIANA   |e PERPUSTAKAAN KOMUNITI PETALING JAYA 
999 |a 053406   |b BUKU   |c MALAYSIANA   |e PERPUSTAKAAN KOMUNITI PETALING JAYA 
999 |a 053407   |b BUKU   |c MALAYSIANA   |e PERPUSTAKAAN KOMUNITI PETALING JAYA 
999 |a 054612   |b BUKU   |c PINJAMAN   |e PERPUSTAKAAN KOMUNITI CAW KOTA DAMANSARA 
999 |a 054613   |b BUKU   |c PINJAMAN   |e PERPUSTAKAAN KOMUNITI CAW KOTA DAMANSARA 
999 |a 085627   |b BUKU   |c MALAYSIANA   |e PERPUSTAKAAN KOMUNITI PETALING JAYA